000 00708nam a22002417a 4500
003 OSt
005 20220107122811.0
008 160422b xxu||||| |||| 00| 0 eng d
020 _a9781447157786
040 _cIIITMK
082 _a006.454 YU/A
100 _aYu, Dong
_99040
245 _aAutomatic speech recognition:
_bA deep learning approach
_cDong Yu
260 _aNew York,
_bSpringer,
_c2015
300 _axxvi, 321p.
440 _aSignals and communication technology
_99076
650 _aCOMPUTER SCIENCE
_99041
650 _aHUMAN COMPUTER INTERACTION
_99077
650 _aENGINEERING
_99042
650 _aSOCIAL SCIENCES - DATA PROCESSING
_99043
700 _aDeng, Li
_99044
942 _2ddc
_cBK
999 _c5096
_d5096